[Event "Reunion op 13th"]
[Site "St Denis"]
[Date "2011.10.06"]
[Round "6"]
[White "Doulouma, Fabrice"]
[Black "Roy, Chantal"]
[Result "0-1"]
[WhiteElo "1499"]
[BlackElo "1360"]
[PlyCount "60"]
[EventDate "2011.10.01"]
[EventType "swiss"]
[EventRounds "9"]
[EventCountry "RUF"]
[SourceTitle "EXT 2012"]
[Source "ChessBase"]
[SourceDate "2011.11.24"]
[SourceVersion "1"]
[SourceVersionDate "2011.11.24"]
[SourceQuality "1"]

1. e4 e5 2. c3 Nf6 3. d3 Bc5 4. h3 Nc6 5. Nf3 0-0 6. Be3 Bb6 7. Nbd2 Bxe3 8. fxe3 d5 9. exd5 Nxd5 10. Qe2 Bf5 11. e4 Nf4 12. Qe3 Bg6 13. 0-0-0 f6 14. g3 Nh5 15. Nh4 Bf7 16. Nb3 Bxb3 17. axb3 Qd7 18. Be2 Na5 19. Bxh5 Nxb3+ 20. Kc2 Qa4 21. Bg4 Na1+ 22. Kb1 Rad8 23. Be6+ Kh8 24. Nf5 g6 25. Nh4 Kg7 26. g4 Rd6 27. Nf5+ gxf5 28. gxf5 Ra6 29. Rhg1+ Kh8 30. Qg3 Qc2# 0-1

[Event "Reunion op 13th"]
[Site "St Denis"]
[Date "2011.10.05"]
[Round "5"]
[White "Romain, Arnaud"]
[Black "Doulouma, Fabrice"]
[Result "1-0"]
[WhiteElo "1693"]
[BlackElo "1499"]
[PlyCount "81"]
[EventDate "2011.10.01"]
[EventType "swiss"]
[EventRounds "9"]
[EventCountry "RUF"]
[SourceTitle "EXT 2012"]
[Source "ChessBase"]
[SourceDate "2011.11.24"]
[SourceVersion "1"]
[SourceVersionDate "2011.11.24"]
[SourceQuality "1"]

1. d4 Nf6 2. Nc3 e6 3. Bg5 Be7 4. e4 d6 5. Nf3 Nbd7 6. Bc4 c6 7. 0-0 b5 8. Bd3 Bb7 9. Re1 a6 10. b4 c5 11. bxc5 dxc5 12. e5 Nd5 13. Nxd5 Bxd5 14. Bxe7 Qxe7 15. Be4 Nb6 16. c3 g6 17. Bxd5 Nxd5 18. Qd2 Rc8 19. Rac1 h6 20. g3 Qc7 21. c4 bxc4 22. Rxc4 Qa7 23. Rec1 h5 24. Rxc5 Rxc5 25. Rxc5 0-0 26. Qh6 Rb8 27. Kg2 Qb7 28. h3 Ne7 29. Qd2 Kg7 30. Rc3 Rd8 31. Kg1 Nd5 32. Rb3 Qa7 33. a4 a5 34. Rb5 Nb4 35. Qf4 Nd5 36. Qc1 Qa8 37. Rc5 Nb4 38. Qf4 Nd3 39. Qf6+ Kf8 40. Rc7 Nxe5 41. Nxe5 1-0

[Event "Reunion op 13th"]
[Site "St Denis"]
[Date "2011.10.01"]
[Round "1"]
[White "Doulouma, Fabrice"]
[Black "Laplanche, Denis"]
[Result "0-1"]
[WhiteElo "1499"]
[BlackElo "2125"]
[PlyCount "50"]
[EventDate "2011.10.01"]
[EventType "swiss"]
[EventRounds "9"]
[EventCountry "RUF"]
[SourceTitle "EXT 2012"]
[Source "ChessBase"]
[SourceDate "2011.11.24"]
[SourceVersion "1"]
[SourceVersionDate "2011.11.24"]
[SourceQuality "1"]

1. e4 c5 2. Nf3 e6 3. Be2 Nc6 4. Nc3 Nf6 5. d4 cxd4 6. Nxd4 Bb4 7. 0-0 Bxc3 8. bxc3 Nxe4 9. Bb2 0-0 10. Bd3 Nf6 11. c4 Re8 12. Nxc6 dxc6 13. Rb1 c5 14. Re1 b6 15. Qf3 Ba6 16. Rbd1 Qe7 17. Re3 Rad8 18. h4 h6 19. g4 Nh7 20. Qe4 Nf8 21. g5 hxg5 22. hxg5 Ng6 23. f4 Bb7 24. Qxg6 fxg6 25. Bxg6 Rxd1+ 0-1